Nique les clones - NEKFEU PARTIE 2 - Statistiques

Statistiques générales
  • Ce quiz a été pris 173 fois
  • Le résultat moyen est 246 sur 379
Statistiques - réponses
Réponse % Correct
Le
96%
le
96%
clones
95%
Je
94%
à
93%
a
93%
À
93%
de
93%
ne
91%
que
90%
Que
90%
ça
88%
comme
88%
des
88%
les
88%
Les
88%
plus
88%
Qui
88%
qui
88%
tu
87%
Tu
87%
pour
86%
vois
86%
commencé
84%
l'école
84%
sortir
84%
donnes
81%
t'en
81%
l'épaule
80%
tout
79%
un
76%
en
74%
Et
73%
et
73%
Ici
73%
joue
73%
monde
73%
Nique
73%
ta
73%
une
73%
j'ai
72%
parmi
72%
rose
71%
du
70%
la
70%
million
70%
orties
70%
poussé
70%
rôles
70%
d'euros
68%
rêvant
66%
ma
65%
ce
63%
Au
62%
se
62%
est
61%
on
61%
On
61%
petit
61%
dans
59%
leur
59%
mais
59%
qu'à
59%
qu'un
59%
rap
59%
pris
58%
pas
57%
C'est
55%
c'est
55%
regard
55%
sur
55%
H
54%
mains
54%
vous
54%
assiette
53%
Ceux
53%
pense
53%
sang
53%
soir
53%
armes
52%
codes
52%
jamais
52%
n'en
52%
nos
52%
nous
52%
ont
52%
qu'on
52%
vos
52%
barres
51%
conformes
51%
confort
51%
copies
51%
désespéré
51%
Dieu
51%
elle
51%
T'as
51%
avec
50%
enfants
50%
gens
50%
paix
50%
pensent
50%
sais
50%
son
50%
avez
49%
belles
49%
cote
49%
d'inconscient
49%
maisons
49%
n'est
49%
personnage
49%
quand
49%
autres
48%
bonne
48%
ceux-là
48%
désespoir
48%
forme
48%
mes
48%
moi
48%
réseaux
48%
sens
48%
toutes
48%
vision
48%
avons
47%
coeurs
47%
conscience
47%
crier
47%
essayer
47%
premiers
47%
rage
47%
vides
47%
violences
47%
glace
46%
J'me
46%
l'âge
46%
assiettes
45%
Comment
45%
Disent
45%
handicapé
45%
Laissant
45%
miroir
45%
parlant
45%
part
45%
peine
45%
plat
45%
provocateurs
45%
rare
45%
violents
45%
Vu
45%
chemin
44%
figure
44%
probablement
44%
puis
44%
trouver
44%
décuple
43%
m'indique
43%
Tant
43%
votre
43%
devant
42%
l'ère
42%
mirage
42%
misérable
42%
réchauffera
42%
allez
41%
ayant
41%
embrasser
41%
j'dois
41%
n'aura
41%
rat
41%
sous
41%
rails
40%
rame
40%
Andy
38%
Man On The Moon
38%
s'endormira
38%
t'amènera
38%
nan
36%
Pendant
36%
p'tits
34%
Kaufman
28%
Aymé
22%
J'éduque
17%
faux
11%
Aucun quiz correspondant
Distribution des résultats
% des personnes avec chaque résultat
Percentile par nombre de réponses
Votre historique - résultats
Vous n’avez pas pris ce quiz